Top 100 NBA players 2026 - Statistics

General Stats
  • This quiz has been taken 217 times
  • The average score is 61 of 100
Answer Stats
Team Player % Correct
1 Nuggets Nikola Jokic
100%
6 Warriors Stephen Curry
100%
7 Timberwolves Anthony Edwards
99%
2 Lakers Luka Dončić
99%
3 Thunder Shai Gilgeous-Alexander
99%
5 Spurs Victor Wembanyama
99%
4 Bucks Giannis Antetokounmpo
98%
9 Knicks Jalen Brunson
98%
11 Pistons Cade Cunningham
97%
13 Celtics Jaylen Brown
97%
8 76ers Tyrese Maxey
97%
15 Suns Devin Booker
96%
10 Cavaliers Donovan Mitchell
96%
20 Lakers LeBron James
96%
14 Knicks Karl-Anthony Towns
95%
19 Lakers Austin Reaves
94%
18 Thunder Jalen Williams
94%
45 Pistons Jalen Duren
93%
16 Rockets Alperen Şengün
92%
17 Cavaliers Evan Mobley
92%
25 Clippers James Harden
92%
23 Clippers Kawhi Leonard
92%
12 Rockets Kevin Durant
92%
21 Mavericks Anthony Davis
91%
31 Thunder Chet Holmgren
89%
40 Hawks Trae Young
88%
24 Hawks Jalen Johnson
87%
22 Bulls Josh Giddey
81%
30 Magic Paolo Banchero
81%
33 Raptors Scottie Barnes
80%
35 Rockets Amen Thompson
79%
29 Heat Bam Adebayo
79%
27 Warriors Jimmy Butler
79%
75 Pistons Ausar Thompson
78%
78 Bulls Coby White
78%
47 Celtics Derrick White
78%
32 Nuggets Jamal Murray
78%
76 76ers Joel Embiid
78%
50 Hornets LaMelo Ball
77%
46 Cavaliers Darius Garland
75%
28 Jazz Lauri Markkanen
75%
37 Spurs De'Aaron Fox
74%
48 Clippers Ivica Zubac
74%
63 Grizzlies Ja Morant
74%
54 Timberwolves Rudy Gobert
74%
38 Kings Domantas Sabonis
73%
39 Magic Franz Wagner
73%
34 Timberwolves Julius Randle
73%
42 Grizzlies Jaren Jackson Jr.
71%
56 Heat Tyler Herro
71%
36 Nuggets Aaron Gordon
70%
43 Nets Michael Porter Jr
69%
61 Kings DeMar DeRozan
68%
62 Cavaliers Jarrett Allen
68%
44 Knicks OG Anunoby
68%
95 Knicks Josh Hart
67%
57 Knicks Mikal Bridges
67%
66 Kings Zach LaVine
66%
74 Pacers Andrew Nembhard
63%
73 76ers Paul George
63%
59 Pelicans Zion Williamson
62%
55 Raptors Brandon Ingram
61%
98 Bulls Nikola Vucevic
61%
69 Spurs Stephon Castle
61%
41 Trail Blazers Deni Avdija
60%
64 Thunder Isaiah Hartenstein
58%
51 Timberwolves Jaden McDaniels
56%
65 Thunder Alex Caruso
54%
72 Bucks Myles Turner
53%
53 Magic Desmond Bane
51%
67 Magic Jalen Suggs
49%
52 Trail Blazers Jrue Holiday
47%
77 Hawks Dyson Daniels
46%
82 Celtics Payton Pritchard
46%
97 Heat Andrew Wiggins
45%
100 Spurs Devin Vassell
44%
60 Pelicans Trey Murphy III
44%
96 Nuggets Christian Braun
36%
91 Hawks Onyeka Okongwu
35%
83 Raptors RJ Barrett
35%
99 Knicks Mitchell Robinson
34%
80 Timberwolves Naz Reid
32%
94 Trail Blazers Toumani Camara
27%
92 Cavaliers De'Andre Hunter
16%
86 Kings Malik Monk
11%
90 76ers VJ Edgecomb
3%
93 Hornets Kon Knueppel
2%
68 Hawks Kristaps Porzingus
2%
84 Thunder Lu Dort
2%
26 Pacers Pascal Siakim
2%
85 Bucks Ryan Rollins
2%
87 Thunder Ajay Mitchell
1%
89 Wizards Alex Sarr
1%
70 Mavericks Copper Flagg
1%
81 Suns Dillion Brooks
1%
58 Bulls Matas Buzelis
1%
49 Heat Norm Powell
1%
71 76ers Quentin Grimes
1%
88 Heat Jamie Jaquez jr
0%
79 Rockets Tari Eason
0%
No matching quizzes found
Score Distribution
Percent of People with Each Score
Percentile by Number Answered
Your Score History
You have not taken this quiz